| 000 | 00459nam a22001697a 4500 | ||
|---|---|---|---|
| 005 | 20230918113121.0 | ||
| 008 | 230918b |||||||| |||| 00| 0 eng d | ||
| 020 | _a978-93-5569-292-4 | ||
| 041 | _aeng | ||
| 100 |
_aS, RAMAMURTHY _98189 |
||
| 245 | _aINTRODUCTION TO TAXATION : a textbook for law students | ||
| 250 | _a1st, ed. | ||
| 260 |
_aCHENNAI _bCOMPANY LAW INSTITUTE OF INDIA PVT. LTD _c2023 |
||
| 300 | _a781,p | ||
| 650 |
_aLAW _98190 |
||
| 942 | _cBK | ||
| 999 |
_c8420 _d8418 |
||